Historia universal / (Record no. 28465)

MARC details
000 -CABECERA
campo de control de longitud fija 00874nam a2200229 a 4500
003 - IDENTIFICADOR DEL NÚMERO DE CONTROL
campo de control MX-MxUPN
005 - FECHA Y HORA DE LA ÚLTIMA TRANSACCIÓN
campo de control 20241001063857.0
008 - ELEMENTOS DE LONGITUD FIJA--INFORMACIÓN GENERAL
campo de control de longitud fija 991125s1917 sp a r 000 0 spa u
035 ## - NÚMERO DE CONTROL DEL SISTEMA
Número de control de sistema UPN01000028465
040 ## - FUENTE DE LA CATALOGACIÓN
Centro catalogador/agencia de origen MX-MxUPN
Lengua de catalogación spa
Centro/agencia transcriptor MX-MxUPN
041 0# - CÓDIGO DE IDIOMA
Código de lengua del texto/banda sonora o título independiente spa
050 #4 - SIGNATURA TOPOGRÁFICA DE LA BIBLIOTECA DEL CONGRESO
Número de clasificación D11 H57
245 00 - MENCIÓN DE TÍTULO
Título Historia universal /
Mención de responsabilidad, etc. bajo la dirección de Guillermo Oncken
260 ## - PUBLICACIÓN, DISTRIBUCIÓN, ETC.
Lugar de publicación, distribución, etc. Barcelona, Esp. :
Nombre del editor, distribuidor, etc. Montaner y Simón,
Fecha de publicación, distribución, etc. 1917
300 ## - DESCRIPCIÓN FÍSICA
Extensión volúmenes :
Otras características físicas ilustraciones +
Material acompañante/anejo mapa plegable
505 ## - NOTA DE CONTENIDO CON FORMATO PREESTABLECIDO
Nota de contenido con formato Contenido: v. 19. El renacimiento y los estudios de humanidades en Italia y en Alemania / L. Geiger -- La época de los descubrimientos geográficos / Sophus Ruge
650 #4 - ASIENTO SECUNDARIO DE MATERIA - TERMINO TEMATICO
Término de materia o nombre geográfico como elemento de entrada Historia universal
9 (RLIN) 5508
700 1# - ASIENTO SECUNDARIO--NOMBRE DE PERSONAL
Nombre de persona Oncken, Guillermo
9 (RLIN) 51439
710 2# - ASIENTO SECUNDARIO - NOMBRE CORPORATIVO
Nombre de entidad corporativa o nombre de jurisdicción como elemento de entrada Instituto Nacional de Pedagogía (México)
Término indicativo de función/relación propietario anterior
9 (RLIN) 28088
904 ## - ELEMENTOS DE DATOS D LOCAL, LDD (RLIN)
a AC
b 028466
942 ## - ELEMENTOS DE PUNTO DE ACCESO ADICIONAL (KOHA)
Fuente del sistema de clasificación o colocación Library of Congress Classification
Tipo de ítem Koha Libro
Holdings
Estado de retiro Estado de pérdida Fuente del sistema de clasificación o colocación Estado dañado No para préstamo Código de colección Localización permanente Ubicación/localización actual Ubicación en estantería Fecha de adquisición Enumeración/cronología de publicación seriada Clasificación Código de barras Fecha visto por última vez Tipo de ítem Koha Nota pública
    Library of Congress Classification   Disponible (Previa cita) Fondo Reservado de libros Bib. Gregorio Torres Quintero Bib. Gregorio Torres Quintero Sala de Fondos Reservados Planta alta 18/11/2022 v.19 - D11 H57 46779 31/12/2020 Libro Ejemplar con sello de la Biblioteca del Instituto Nacional de Pedagogía